00999nam a2200289Ia 4500001000700000008004100007020001800048035001400066041000800080084001300088100005600101245009400157260009200251300004500343490002400388650001100412650002300423650002300446650003100469650002600500650002500526650000900551700002800560700003200588710008000620710000900700001490221003s1992 xx 000 0 spa d a84-7434-774-2 aCENDO_389 aspa aCD-00318 aORGANIZACION DE COOPERACION Y DESARROLLO ECONOMICOS 0aPerspectivas del empleo, 1992 /cOrganización de Cooperación y Desarrollo Económico aMadrid :bCentro de Publicaciones, Ministerio de Trabajo y Seguridad Social,cD.L. 1992 a624 p. : bil., tab., gráf. ;c 22 cm aInformes OCDE ;v44 aEMPLEO 0aMERCADO DE TRABAJO aPOLITICA DE EMPLEO 0aPRESTACIONES POR DESEMPLEO aRECOPILACION DE DATOS aCUADROS ESTADISTICOS aOCDE aRABASCO, Esther,etrad. aTOHARIA CORTES, Luis,erev. aESPAÑAbMinisterio de Trabajo y Seguridad SocialbCentro de Publicaciones aOCDE